| 000 | 00340pab a2200133 454500 | ||
|---|---|---|---|
| 008 | 180718b xxu||||| |||| 00| 0 eng d | ||
| 100 | _aDene, Elizabeth | ||
| 245 | _aMaternity rights for policewomen writhin the E.C. | ||
| 650 | _a Maternity Rights | ||
| 650 | _a Rights | ||
| 650 | _aPolicewomen | ||
| 773 | _aPolice Journal | ||
| 909 | _a22321 | ||
| 999 |
_c22321 _d22321 |
||